| 000 | 00358nam a2200121 4500 | ||
|---|---|---|---|
| 999 |
_c12228 _d12228 |
||
| 008 | 190118b ||||| |||| 00| 0 eng d | ||
| 100 |
_934595 _aSupnad, Mar T. |
||
| 245 |
_aLogging blamed for flooding in Bataan/ _cMar T. Supnad |
||
| 260 |
_aPhilippines _bManila Bulletin _cc2018 |
||
| 300 | _apage 2. | ||
| 650 | 0 |
_934596 _aNatural disaster. |
|
| 942 |
_2ddc _cPER |
||